000 00580nam a2200241Ia 4500
003 OSt
005 20221005125312.0
006 a|||||r|||| 00| 0
007 ta
008 221004b |||||||| |||| 00| 0 kan d
024 _a62340
037 _cTextual
040 _aCRL
_cCRL
_bkan
041 _2kan
_akan
082 _aO33,1Nx, J7
100 _aKulkarni Au.
_9224945
245 0 _aParaga
260 _c1957
650 _a KANNAD POETRY
650 _aKANNAD LITERATURE
942 _hO33,1Nx, J7
_cTEXL
_2cc
999 _c1053608
_d1053608